| 000 | 00962nam a22002417a 4500 | ||
|---|---|---|---|
| 999 |
_c13924 _d13924 |
||
| 003 | EG-ScBUE | ||
| 005 | 20201108122248.0 | ||
| 008 | 100421s1974 ti f b 000 p ara d | ||
| 040 |
_aEG-ScBUE _bara _erda _cEG-ScBUE _dEG-ScBUE |
||
| 082 | 0 | 4 |
_a892.716099611 _bج ا ب _222 |
| 100 | 1 |
_913648 _aالجابري، محمد صالح، _eمؤلف. |
|
| 245 | 1 | 2 |
_aالشعر التونسي المعاصر : _bخلال قرن / _cمحمد صالح الجابري. |
| 264 | 1 |
_aتونس : _bالشركة التونسية للتوزيع، _c1974. |
|
| 300 |
_a702 صفحة ؛ _c23 سم |
||
| 336 |
_2rdacontent _aنص _btxt |
||
| 337 |
_2rdamedia _aبدون وسيط _bn |
||
| 338 |
_2rdacarrier _aمجلد _bnc |
||
| 504 | _aيشتمل على إرجاعات ببليوجرافية. | ||
| 650 | 7 |
_913647 _aالشعر العربي _vتاريخ _yالعصر الحديث _zتونس. _2BUEsh |
|
| 653 |
_bARALIT _cNovember2020 |
||
| 655 |
_vReading book _934232 |
||
| 942 |
_2ddc _cBB |
||